| 000 | 00482nam a2200097Ia 4500 | ||
|---|---|---|---|
| 008 | 180130s9999 xx 000 0 und d | ||
| 245 |
_cVerma, Prabhat; Singh, Raghurah; Singh, Avinash Kumar _aA framework to integrate speech based interface for blind web users on the websites of public interest |
||
| 260 | _c2016 | ||
| 300 | _aBook title: Human-computer interaction : design, developments and applications--Acession number C20741; pages 137-154 | ||
| 650 | _aHUMAN-COMPUTER INTERACTION | ||
| 999 |
_c354375 _d354375 |
||